| 000 | 00884cam a22002777a 4500 | ||
|---|---|---|---|
| 003 | CHAP | ||
| 005 | 20220329133008.0 | ||
| 008 | 971013s1984 r 00010 d | ||
| 010 | _a1056 | ||
| 011 | _a2028 | ||
| 035 | _a1214 | ||
| 040 | _cCHAP | ||
| 082 |
_a371.3 _bE8Y |
||
| 100 | 0 | 0 |
_aEsteve, José M. _938308 |
| 245 | 0 | _aProfesores en conflicto; repercusiones de la práctica profesional sobre la personalidad de los enseñantes | |
| 260 |
_aMadrid : _bNarcea, _c1984 |
||
| 300 | _a239 p. | ||
| 590 |
_aBATCH-UPD _b10 _c20130110 _lUCH01 _h1340 |
||
| 590 |
_aBATCH-UPD _b10 _c20130410 _lUCH01 _h0841 |
||
| 590 |
_aBATCH-UPD _b10 _c20130914 _lUCH01 _h1326 |
||
| 590 |
_aCONVERSION _b10 _c20130109 _lUCH01 _h1302 |
||
| 650 | 1 | 4 |
_aFormación de profesores. _942392 |
| 901 | _aBK | ||
| 942 | _cLIBRO | ||
| 949 |
_a371.3 E8Y _bBC _cLIBRO _d33724000145009 _eLIBRO _gI. c/e _h78858 _i1214 _si _t42.90 |
||
| 999 |
_c1056 _d1056 |
||